| 000 | 00446nam a2200193Ia 4500 | ||
|---|---|---|---|
| 005 | 20240823054032.0 | ||
| 008 | 240823s9999||||xx |||||||||||||| ||und|| | ||
| 020 | _a978-0-313-328-107 | ||
| 041 | _aENGLISH | ||
| 082 | _A398.2 p5 | ||
| 100 | _aAshliman D L | ||
| 245 | 0 | _aFolk and Fairy Tales | |
| 250 | _a1st | ||
| 260 |
_c2005 _bRain Tree Publishing Pv |
||
| 500 | _aYES | ||
| 650 |
_aGeneral _bGeneral |
||
| 942 | _cBK | ||
| 999 |
_c225523 _d225523 |
||